000 00728nam a2200241 i 4500
001 10728
003 ES-MaACL
005 20250525063030.0
007 t|
008 921118s1992 sp ||||0| spa j
020 _a84-322-3007-3
040 _aM-BN-DP
_bspa
_cM-BN-DP
_dM-BN-DP
080 _a860-31"19"
100 1 _aMendoza, Eduardo,
_d1943-
_9240676
245 1 3 _aEl misterio de la cripta embrujada /
_cEduardo Mendoza.
250 _a[29ยช ed. en Biblioteca de bolsillo].
260 _aBarcelona :
_bSeix Barral,
_c1992.
300 _a188 p ;
_c19 cm.
490 1 _aBiblioteca de bolsillo
830 0 _aBiblioteca de Bolsillo
_9177945
852 _aES-MaACL
_jL-18117
_bR.121511
999 _c10728
_d10728